Language Quiz

Random Language or Letter Quiz

5 Most Common English Words Per Letter Quiz Stats

Quiz Updated Apr 6, 2012

Challenge
Share
Tweet
Embed
Score 0/120 Timer 12:00
10 Plays Today
Letter Word % Correct
II
89.4%
Bbe
88.6%
Aand
88.1%
Ddo
86.8%
Tthe
84.2%
Nno
81.3%
Ggo
79.9%
Hhe
79.7%
Ccan
78.4%
Yyou
75.1%
Ffor
74.2%
Iin
73.8%
Oon
72.7%
Wwe
71.2%
Tto
71.2%
Iis
69.3%
Mme
68.6%
Aat
67%
Iit
66.7%
Aare
66.6%
Hher
65.7%
Nnot
61.4%
Oof
61.3%
Sshe
61.1%
Sso
61.1%
Aas
60.9%
Bbut
57.8%
Eever
55.4%
Ccould
55%
Mmy
54.6%
Yyour
53.2%
Aall
51.9%
Ddid
51.4%
Hhis
51%
Jjust
49.1%
Uunder
48.6%
Uup
48.5%
Bby
48.5%
Oor
48%
Iif
47.9%
Letter Word % Correct
Tthey
47.4%
Ffrom
47%
Hhave
45.7%
Tthat
45.7%
Llike
45.7%
Gget
45%
Uus
44.8%
Wwas
44.1%
Eevery
42.1%
Wwere
42%
Qquiet
41.5%
Tthis
39.8%
Vvery
39.1%
Oone
38.3%
Oout
37.3%
Pput
36.4%
Qquite
36%
Mman
35.4%
Bbeen
34.7%
Hhad
33.7%
Ddone
32.8%
Ggood
32.1%
Nnever
31.9%
Ggive
31%
Mmore
30.5%
Eeven
29.7%
Ccome
29.4%
Rright
29.2%
Qquick
29%
Sshould
28%
Kknow
27.9%
Ssome
26.8%
Ddown
25.7%
Nnow
25.5%
Dday
25.1%
Wwith
24.8%
Eeach
24.2%
Ssaid
23.4%
Bbefore
22.4%
Mmay
22.2%
Letter Word % Correct
Uuse
21.2%
Yyet
21.1%
Kkeep
19.6%
Ppeople
19.4%
Rread
18.3%
Ccame
17.7%
Qquestion
17.3%
Ggreat
16.7%
Ffirst
16.2%
Llife
15.9%
Kking
15.5%
Kkind
15.3%
Kknew
14.5%
Pplace
14.1%
Yyoung
13.9%
Wwhich
13.7%
Llast
13.7%
Yyear
13.4%
Llong
12.9%
Jjoy
12.8%
Eeye
12.2%
Llittle
11.7%
Nnothing
9.7%
Ppart
9.6%
Vview
8.1%
Uupon
7.8%
Qquickly
7%
Rround
6.1%
Jjudge
6.1%
Fface
5.9%
Ffound
5.6%
Jjustice
5.5%
Vvoice
5.1%
Rrather
4.2%
Rroom
3.9%
Vvisit
3.6%
Jjudgement
3.4%
Ccalled
3%
Ppower
2.7%
Vvarious
2.2%

You're not logged in!

Compare scores with friends on all Sporcle quizzes.
Join for Free
OR
Log In

You Might Also Like...

Show Comments

Extras

Top Quizzes Today


Score Distribution

Your Account Isn't Verified!

In order to create a playlist on Sporcle, you need to verify the email address you used during registration. Go to your Sporcle Settings to finish the process.

Report this User

Report this user for behavior that violates our Community Guidelines.

Details: